000 00571nam a2200181Ia 4500
003 GCL
008 140319s9999 xx 000 0 ara d
040 _aGCL /
_cGCL
082 0 4 _a953.101
_bهـ ك
100 1 _aالهمدانى , ابومحمد الحسن بن ا
245 1 0 _aكتاب صفة جزيرة العرب /
_cالهمدانى , ابومحمد الحسن بن ا
260 _a[S.N] :
_bمطبعة السعادة ،
_c1953
300 _a438 ص
490 _a
650 0 4 _aتاريخ
650 0 4 _aشبه الجزيرة العربية
942 _2ddc
_cBK
999 _c59023
_d59023